| 000 | 00566nam a22001697a 4500 | ||
|---|---|---|---|
| 005 | 20250716162618.0 | ||
| 008 | 250716b |||||||| |||| 00| 0 eng d | ||
| 020 | _a978-81-7008-341-2 | ||
| 050 | _aQA 76.9 .A25 V33 2009 | ||
| 100 | _aVACCA, JOHN | ||
| 245 | _aCOMPUTER FORENSICS: COMPUTER CRIME SCENE INVESTIGATION | ||
| 260 |
_aINDIA _bFIREWALL MEDIA _c2009 |
||
| 300 | _aXXV,731P.:ILL | ||
| 500 | _aINCLUDES BIBLIOGRAPHICAL REFERENCES AND INDEX | ||
| 650 | _a1. COMPUTER SECURITY 2. COMPUTER NETWORKS--SECURITY MEASURES 3. COMPUTER CRIMES | ||
| 942 |
_2lcc _cBK |
||
| 999 |
_c215910 _d215910 |
||